Paulino Lucero ó los gauchos del Río de la Plata cantando y combatiendo contra los tiranos de las Repúblicas Argentina y Oriental del Uruguay: 1839 a 1851
Bewaard in:
| Hoofdauteur: | |
|---|---|
| Formaat: | Boek |
| Taal: | Spaans |
| Gepubliceerd in: |
París
Imprenta de Paul Dupont
1872
|
| Editie: | 1a. ed |
| Onderwerpen: | |
| Tags: |
Voeg label toe
Geen labels, Wees de eerste die dit record labelt!
|
MARC
| LEADER | 00000nam a2200000 a 4500 | ||
|---|---|---|---|
| 001 | UCJ6969 | ||
| 003 | CL-VaPUC | ||
| 008 | 070124e18720000FR |||||||||||||||||spa|d | ||
| 082 | 0 | 4 | |a A861 |b ASC |2 21 |
| 100 | 0 | |a Ascasubi, Hilario |e author |9 514700 | |
| 245 | 1 | 0 | |a Paulino Lucero ó los gauchos del Río de la Plata cantando y combatiendo contra los tiranos de las Repúblicas Argentina y Oriental del Uruguay: 1839 a 1851 |
| 250 | |a 1a. ed | ||
| 300 | |a ii, 421 p | ||
| 942 | |c BK | ||
| 945 | |d 20070124 00:00:00 |a rinostro | ||
| 260 | |a París |b Imprenta de Paul Dupont |c 1872 | ||
| 500 | |a 8§, media pasta.- Anteport.- v. en b.- Front.- retrato de Ascasubi, rodeado de una orla y fuera de ésta, reproducción de su firma.- Port.- v. en b.- Homenaje a la memoria de Don Valentín Alsina.- Prólogo del autor.- Advierte errata | ||
| 600 | 0 | 7 | |a ALSINA, VALENTIN |2 CL-VaPUC |9 513207 |
| 600 | 0 | 7 | |a RIVERA, FRUCTUOSO |2 CL-VaPUC |9 512385 |
| 600 | 0 | |a Rosas, Juan Manuel de |9 438178 | |
| 600 | 0 | 7 | |a PACHECO, MELCHOR |2 CL-VaPUC |9 514701 |
| 600 | 0 | 7 | |a ORIBE, MANUEL |2 CL-VaPUC |9 512384 |
| 600 | 0 | 7 | |a EL NACIONAL |2 CL-VaPUC |9 513578 |
| 600 | 0 | 7 | |a PATRIOTA FRANCES |2 CL-VaPUC |9 514702 |
| 600 | 0 | 7 | |a BRITANIA |2 CL-VaPUC |9 514703 |
| 600 | 0 | 7 | |a CIELO, JACINTO |2 CL-VaPUC |9 514704 |
| 600 | 0 | 7 | |a GACETA MERCANTIL |2 CL-VaPUC |9 514705 |
| 650 | 7 | |a POESIA ARGENTINA |2 CL-VaPUC |9 268280 | |
| 650 | 7 | |a POESIA GAUCHESCA |2 CL-VaPUC |9 337452 | |
| 650 | 7 | |a GAUCHOS |2 CL-VaPUC |9 317962 | |
| 650 | 7 | |a TIPOS HUMANOS |2 CL-VaPUC |9 504574 | |
| 650 | 0 | |a Cultura |9 269059 | |
| 650 | 7 | |a GUERRAS CIVILES |2 CL-VaPUC |9 361938 | |
| 650 | 7 | |a FOLKLORE |2 CL-VaPUC |9 268291 | |
| 650 | 0 | |a Prensa y periodismo |z Chile |9 504409 | |
| 650 | 7 | |a DIARIOS Y REVISTAS |2 CL-VaPUC |9 504436 | |
| 650 | 0 | |a Iconografía |9 267998 | |
| 650 | 7 | |a DESCRIPCION BIBLIOFILICA |2 CL-VaPUC |9 504580 | |
| 651 | 0 | |a Argentina |9 254888 | |
| 651 | 0 | |a Uruguay |9 255194 | |
| 583 | |a last modification |c 20070124 00:00:00 |k Rodrigo Vera | ||
| 999 | |c 323071 |d 323069 | ||
| 952 | |0 0 |1 0 |4 0 |6 A_861_000000000000000_ASC_1872 |7 0 |8 X |9 402317 |a FDOBUD |b FDOBUD |d 2019-11-22 |i 1055720 |o A861 ASC 1872 |p 1055720 |r 2019-11-22 |w 2019-11-22 |y BK_X |k BUD | ||